Errate das Land 3 - Statistiken

Allgemein
  • Dieses Quiz wurde 827 mal gespielt
    794 seit der letzten Aktualisierung
  • Das Durchschnittsergebnis liegt bei 7 aus 10
Antwortstatistiken
Tipp: Antwort: % Korrekt
In diesem Land hat die Mafia ihren Hauptsitzt: Italien
94%
Dieses Land produziert den meisten Olivenöl der Welt: Spanien
88%
Das Land grenzt als einziges an alle oben genannte Länder: Frankreich
79%
In diesem Land befinden sich pro Kopf am meisten Schlösser: Belgien
76%
Das Land wurden am häufigsten Fußball-Weltmeister Brasilien
76%
Dieses Land besitzt als einziges keine offizielle Hauptstadt, nur einen Regierungssitz: Schweiz
66%
Dieses Land hat die selbe Flagge wie Indonesien Monaco
65%
Dieses Land kann pro Kopf die meisten Sprachen sprechen: Luxemburg
61%
Dies ist das einzige Land in dem Katalanisch die Amtssprache ist: Andorra
57%
In diesem Land spricht man als einziges als einzige Amtssprache niederländisch (abgesehen von den Niederlande) Suriname
27%
Keine übereinstimmenden Quizze gefunden
Verteilung der Resultate
Anzahl Personen mit jedem Resultat
Perzentil nach korrekt beantworteten Fragen
Ihre Resultats-Entwicklung
Sie haben dieses Quiz seit der letzten Aktualisierung nicht gespielt